Elementos para una reforma tributaria estructural (2014-2018) / (Registro nro. 3827)
[ vista simple ]
| 000 -LEADER | |
|---|---|
| fixed length control field | 01306nam a2200265Ia 4500 |
| 003 - CONTROL NUMBER IDENTIFIER | |
| control field | OSt |
| 005 - DATE AND TIME OF LATEST TRANSACTION | |
| control field | 20200702152932.0 |
| 008 - FIXED-LENGTH DATA ELEMENTS--GENERAL INFORMATION | |
| fixed length control field | 191128s2014 ck fr 000 0 spa d |
| 020 ## - INTERNATIONAL STANDARD BOOK NUMBER | |
| International Standard Book Number | 9789585704268 |
| 040 ## - CATALOGING SOURCE | |
| Original cataloging agency | CO-JMCR |
| Transcribing agency | CO-JMCR |
| 041 0# - LANGUAGE CODE | |
| Language code of text/sound track or separate title | spa |
| 082 04 - DEWEY DECIMAL CLASSIFICATION NUMBER | |
| Classification number | 336.20 / |
| Item number | C617e |
| Edition number | 23 |
| 100 1# - MAIN ENTRY--PERSONAL NAME | |
| Personal name | Clavijo Vergara, Sergio, |
| Relator term | autor |
| 9 (RLIN) | 6513 |
| 245 10 - TITLE STATEMENT | |
| Title | Elementos para una reforma tributaria estructural (2014-2018) / |
| Statement of responsibility, etc. | Sergio Clavijo, Alejandro Vera y Nelson Vera |
| 260 ## - PUBLICATION, DISTRIBUTION, ETC. | |
| Place of publication, distribution, etc. | Bogotá : |
| Name of publisher, distributor, etc. | Asociación Nacional de Instituciones Financieras, |
| Date of publication, distribution, etc. | 2014 |
| 300 ## - PHYSICAL DESCRIPTION | |
| Extent | 137 páginas ; |
| Dimensions | 22 cm. |
| 501 ## - WITH NOTE | |
| With note | Con: El impuesto de Renta en Colombia / Horacio Ayala |
| 505 0# - FORMATTED CONTENTS NOTE | |
| Formatted contents note | Análisis de la coyuntura tributaria 2010-2014 -- Experiencia Internacional: Colombia vs Alianza del Pacífico -- Tasas efectivas de tributación en Colombia -- Efectos microeconómicos de la Ley 1607 de 2012 |
| 520 3# - SUMMARY, ETC. | |
| Summary, etc. | Este libro contiene dos documentos que hacen un análisis de la estructura tributaria de Colombia y de los elementos necesarios para una reforma en el próximo cuatrenio. |
| 650 14 - SUBJECT ADDED ENTRY--TOPICAL TERM | |
| Topical term or geographic name entry element | Reforma tributaria |
| Chronological subdivision | 2014-2018 |
| Geographic subdivision | Colombia |
| 9 (RLIN) | 6514 |
| 650 14 - SUBJECT ADDED ENTRY--TOPICAL TERM | |
| Topical term or geographic name entry element | Impuestos sobre la renta |
| Chronological subdivision | 2014-2018 |
| Geographic subdivision | Colombia |
| 9 (RLIN) | 6515 |
| 700 1# - ADDED ENTRY--PERSONAL NAME | |
| Personal name | Vera, Alejandro, |
| Relator term | autor |
| 9 (RLIN) | 4755 |
| 700 1# - ADDED ENTRY--PERSONAL NAME | |
| Personal name | Vera, Nelson, |
| Relator term | autor |
| 9 (RLIN) | 6516 |
| 942 ## - ADDED ENTRY ELEMENTS (KOHA) | |
| Source of classification or shelving scheme | Dewey Decimal Classification |
| Koha item type | Books |
| Withdrawn status | Lost status | Source of classification or shelving scheme | Damaged status | Not for loan | Collection code | Home library | Current library | Date acquired | Source of acquisition | Cost, normal purchase price | Total Checkouts | Full call number | Barcode | Date last seen | Date last checked out | Copy number | Koha item type |
|---|---|---|---|---|---|---|---|---|---|---|---|---|---|---|---|---|---|
| Dewey Decimal Classification | Non-fiction | Biblioteca Pública José María del Castillo y Rada | Biblioteca Pública José María del Castillo y Rada | 12/01/2017 | Donación | 0.00 | 2 | 336.20 / C617e | 201808484 | 05/16/2024 | 04/25/2022 | Ej.1 | Books |